00917nac a22002531i 4500003000900000005001700009008004100026020001500067040004300082082002000125245006300145264005200208300004400260336002600304337002800330338002700358504005200385650003000437655001700467700003300484942001200517999001500529952011900544EG-ScBUE20240821091754.0240821s1978 ilua f b 001 0 eng d a0226482324 aEG-ScBUEbaraerdacEG-ScBUEdEG-ScBUE04a509.02bSCI22200aScience in the middle ages /cedited by David C. Lindberg. 1aChicago :bUniversity of Chicago Press, c1978. axv, 549 pages :billustrations ;c24 cm 2rdacontentatextbtxt aunmediated2rdamediabn avolumebnc2rdacarrier aIncludes bibliographical references and index.  7aScience, Medieval.2BUEsh vReading book1 aLindberg, David C.,eeditor. cBB2ddc c3874d3874 00102ddc40708AlahramaMAINbMAINc1STd2007-07-24ePurchasel0o509.02 SCIp000030202r2025-07-15 00:00:00yBB